Máxima vulnerabilidad humana en Santo Domingo de Heredia = Maximum human vulnerability in Santo Domingo de Heredia /

Gardado en:
Detalles Bibliográficos
Autor Principal: Reyes Cháves, Jonnathan
Outros autores: Fernández Arce, Mario
Formato: Texto
Etiquetas: Engadir etiqueta
Sen Etiquetas, Sexa o primeiro en etiquetar este rexistro!

MARC

LEADER 00000 a a2200000 04500
001 48589
003
040
100 |a Reyes Cháves, Jonnathan  
245 |a Máxima vulnerabilidad humana en Santo Domingo de Heredia =   |b Maximum human vulnerability in Santo Domingo de Heredia /  |c Jonnathan Reyes Cháves, Mario Fernández Arce  
700 |a Fernández Arce, Mario  
773 |g volumen94, número1, (2014), páginas 37-47 : foto, mapa  
999 |c 31263  |d 31263